Escuelas demostrativas y microcentros rurales: una estrategia para mejorar la calidad de la educación rural en Colombia

Este documento presenta a la escuela demostrativa como polo de desarrollo y como modelo de un aprendizaje dinámico que conduzca al niño campesino, bajo la orientación de los docentes, a su propia superación y a la transformación del medio que los rodea.

Saved in:
Bibliografiske detaljer
Hovedforfatter: Mogollón Jaimes, Oscar
Andre forfattere: Colbert de Arboleda, Vicky
Format: Bog
Sprog:Spanish
Udgivet: Bogotá: MEN ; UNICEF, 1993
Serier:Ediciones Programa Escuela Nueva
Fag:
Online adgang:Enlace del recurso
Tags: Tilføj Tag
Ingen Tags, Vær først til at tagge denne postø!

MARC

LEADER 00000nam a2200000 a 4500
001 000810
008 030410s1993 ck a fr# #000|0#spa#d
041 0 |a spa 
043 |a s-ck--- 
082 0 4 |a 371.0091732  |b M535e 
100 1 |a Mogollón Jaimes, Oscar 
245 1 0 |a Escuelas demostrativas y microcentros rurales:  |b una estrategia para mejorar la calidad de la educación rural en Colombia   |c Oscar Mogollón Jaimes 
260 |a Bogotá:  |b MEN ; UNICEF,  |c 1993 
300 |a 107 p.:  |b il. 
440 0 |a Ediciones Programa Escuela Nueva 
520 3 |a Este documento presenta a la escuela demostrativa como polo de desarrollo y como modelo de un aprendizaje dinámico que conduzca al niño campesino, bajo la orientación de los docentes, a su propia superación y a la transformación del medio que los rodea. 
650 1 4 |a EDUCACIÓN RURAL  |z COLOMBIA 
650 1 4 |a CALIDAD DE LA EDUCACIÓN 
700 1 |a Colbert de Arboleda, Vicky 
999 |c 2962  |d 2962 
856 |u https://catalogo.idep.edu.co/cgi-bin/koha/opac-detail.pl?biblionumber=2962  |z Enlace del recurso